Wavelets And Their Applications (Record no. 319030)

MARC details
000 -LEADER
fixed length control field 00352nam a2200145Ia 4500
008 - FIXED-LENGTH DATA ELEMENTS--GENERAL INFORMATION
fixed length control field 230718s9999 xx 000 0 und d
041 ## - LANGUAGE CODE
Language code of text/sound track or separate title eng
082 ## - DEWEY DECIMAL CLASSIFICATION NUMBER
Classification number 621.382
Item number MIS
100 ## - MAIN ENTRY--PERSONAL NAME
Personal name Misiti M.
245 ## - TITLE STATEMENT
Title Wavelets And Their Applications
260 ## - PUBLICATION, DISTRIBUTION, ETC. (IMPRINT)
Name of publisher, distributor, etc. Iste
365 ## - TRADE PRICE
Currency code Rs.
Price amount 1295.00
700 ## - ADDED ENTRY--PERSONAL NAME
Personal name Misiti M.
906 ## - LOCAL DATA ELEMENT F, LDF (RLIN)
d B:40607-Jul-2008
c ETC
b 20
Holdings
Withdrawn status Lost status Damaged status Not for loan Home library Current library Date acquired Vendor Budget Code Cost, normal purchase price Bill number Total Checkouts Full call number Barcode Date last seen Discount Cost, replacement price Bill Date Koha item type Original Barcode
        Cummins College of Engineering for Women Pune Cummins College of Engineering for Women Pune 31/07/2008 Om Book Stall ETC 1275.00 406   621.382 CCEP-BK-30237 18/07/2023 20 1295.00 07/07/2008 Books 030237